000 00531nam a2200205Ia 4500
003 GCL
008 140319s9999 xx 000 0 eng d
040 _aGCL /
_cGCL
082 0 4 _a634.6
_bG C
100 1 _aGIBBON, DAVID
245 1 0 _aCROPS OF THE DRIER REGIONS OF THE TROPICS /
_cGIBBON, DAVID
700 1 _aPAIN, ADAM
260 _a[S.N] :
_bELBS LONGMAN ،
_c1991
300 _a157 P
650 0 4 _aTROPICAL CROPS
650 0 4 _aAGRICULTURE
650 0 4 _aCROPS, DRIER REGIONS
650 0 4 _aFIELD CROPS
942 _2ddc
_cBK
999 _c20456
_d20456